Building materials and construction / (Record no. 145504)

MARC details
000 -LEADER
fixed length control field 00755nam a22002177a 4500
005 - DATE AND TIME OF LATEST TRANSACTION
control field 20180131154920.0
010 ## - LCCN (DPL NO)
LC control number ENG-122190
020 ## - INTERNATIONAL STANDARD BOOK NUMBER
International Standard Book Number 9789384319809
Terms of availability 225.00
035 ## - SYSTEM CONTROL NUMBER
System control number B-685919-924
035 ## - SYSTEM CONTROL NUMBER
System control number EN-105722
037 ## - SOURCE OF ACQUISITION
Source of stock number/acquisition Asian
Stock number dpl
037 ## - SOURCE OF ACQUISITION
Source of stock number/acquisition DBAD/PUB
082 ## - DEWEY DECIMAL CLASSIFICATION NUMBER
Classification number 338.4767
100 ## - MAIN ENTRY--PERSONAL NAME
Personal name Misra, Anil Kumar
245 ## - TITLE STATEMENT
Title Building materials and construction /
Statement of responsibility, etc by Anil Kumar Misra
260 ## - PUBLICATION, DISTRIBUTION, ETC. (IMPRINT)
Place of publication, distribution, etc New Delhi
Name of publisher, distributor, etc S.Chand
Date of publication, distribution, etc 2017
270 ## - ADDRESS
Address 7361, Ram Nagar,
City New Delhi
Postal code 110055
300 v# - PHYSICAL DESCRIPTION
Extent xvi,366p.
Dimensions 23cm(pbk)
942 ## - ADDED ENTRY ELEMENTS (KOHA)
Source of classification or shelving scheme Dewey Decimal Classification
Item type English Books
Call number suffix MIS
Classification part 338.4767
Holdings
Withdrawn status Lost status Not for loan Collection code Home library Current library Date acquired Source of acquisition Cost, normal purchase price Full call number Barcode Copy number Cost, replacement price Koha item type
      Non-fiction Ashok Vihar Ashok Vihar 19/01/2018 ABC/5278/5.12.17/BPPD/EN/2017-18/636/20.11.17/6.1.2018 225.00 338.4767 MIS B-685920 1 225.00 English Books
      Non-fiction Bawana Bawana 19/01/2018 ABC/5278/5.12.17/BPPD/EN/2017-18/636/20.11.17/6.1.2018 225.00 338.4767 MIS B-685924 1 225.00 English Books
      Non-fiction Central Library Central Library 19/01/2018 ABC/5278/5.12.17/BPPD/EN/2017-18/636/20.11.17/6.1.2018 225.00 338.4767 MIS B-685919 1 225.00 English Books
      Non-fiction Janak Puri Janak Puri 19/01/2018 ABC/5278/5.12.17/BPPD/EN/2017-18/636/20.11.17/6.1.2018 225.00 338.4767 MIS B-685922 1 225.00 English Books
      Non-fiction Narela Narela 19/01/2018 ABC/5278/5.12.17/BPPD/EN/2017-18/636/20.11.17/6.1.2018 225.00 338.4767 MIS B-685923 1 225.00 English Books
      Non-fiction Patel Nagar Patel Nagar 19/01/2018 ABC/5278/5.12.17/BPPD/EN/2017-18/636/20.11.17/6.1.2018 225.00 338.4767 MIS B-685921 1 225.00 English Books
      Non-fiction Sarojini Nagar Sarojini Nagar 31/01/2018 DBAD/PUB 225.00 338.4767 MIS EN-105722 1 225.00 English Books

© Delhi Public Library
Hit Counter
free hit counter